|
|
|
|
| LEADER |
00000nam0a2200000 4500 |
| 001 |
260490 |
| 005 |
20231101233501.0 |
| 035 |
|
|
|a (RuTPU)RU\TPU\book\283439
|
| 090 |
|
|
|a 260490
|
| 100 |
|
|
|a 20140515d1970 k y0rusy50 ca
|
| 101 |
0 |
|
|a rus
|
| 102 |
|
|
|a RU
|
| 105 |
|
|
|a a z 001zy
|
| 200 |
1 |
|
|a Огнестойкость зданий
|f В. П. Бушев [и др.]
|g под ред. В. А. Пчелинцева
|
| 205 |
|
|
|a 2-е изд., перераб. и доп.
|
| 210 |
|
|
|a Москва
|c Стройиздат
|d 1970
|
| 215 |
|
|
|a 261 с.
|c ил.
|
| 320 |
|
|
|a Библиогр.: с. 257-258.
|
| 606 |
1 |
|
|a Огнестойкие конструкции и сооружения
|2 stltpush
|3 (RuTPU)RU\TPU\subj\46729
|9 65844
|
| 610 |
1 |
|
|a строительство
|
| 610 |
1 |
|
|a здания
|
| 610 |
1 |
|
|a классификация
|
| 610 |
1 |
|
|a огнестойкость
|
| 610 |
1 |
|
|a конструкции
|
| 610 |
1 |
|
|a испытания
|
| 610 |
1 |
|
|a железобетонные конструкции
|
| 610 |
1 |
|
|a стальные конструкции
|
| 610 |
1 |
|
|a проемы
|
| 610 |
1 |
|
|a крупнопанельные здания
|
| 675 |
|
|
|a 699.81
|v 3
|
| 701 |
|
1 |
|a Бушев
|b В. П.
|g Владимир Павлович
|
| 701 |
|
1 |
|a Пчелинцев
|b В. А.
|g Владимир Алексеевич
|
| 701 |
|
1 |
|a Федоренко
|b В. С.
|g Василий Семенович
|
| 701 |
|
1 |
|a Яковлев
|b А. И.
|g Анатолий Иванович
|
| 702 |
|
1 |
|a Пчелинцев
|b В. А.
|g Владимир Алексеевич
|4 340
|
| 801 |
|
1 |
|a RU
|b 63413507
|c 20140515
|
| 801 |
|
2 |
|a RU
|b 63413507
|c 20150430
|g RCR
|
| 942 |
|
|
|c BK
|